[Event "North American-ch U20"]
[Site "Irving"]
[Date "2017.09.05"]
[Round "9"]
[White "Peng, David T"]
[Black "Li, Yinshi"]
[Result "1-0"]
[WhiteElo "2351"]
[BlackElo "2185"]
[PlyCount "59"]
[EventDate "2017.08.31"]
[EventType "swiss"]
[EventRounds "9"]
[EventCountry "USA"]
[SourceTitle "CBM 180 Extra"]
[Source "ChessBase"]
[SourceDate "2017.10.06"]
[SourceVersion "1"]
[SourceVersionDate "2017.10.06"]
[SourceQuality "1"]

1. e4 e5 2. Nc3 Bc5 3. g3 d6 4. Bg2 Ne7 5. Nge2 Nbc6 6. 0-0 0-0 7. Na4 Bb6 8. Nxb6 axb6 9. f4 f5 10. d3 Kh8 11. Bd2 d5 12. fxe5 Nxe5 13. Bc3 Ng4 14. Qc1 c5 15. h3 Nf6 16. e5 Ne8 17. d4 Nc7 18. Qe3 Ne6 19. Rfd1 c4 20. Bb4 Rf7 21. Rf1 Nc7 22. Nf4 Ng6 23. e6 Qe8 24. Nxd5 Bxe6 25. Nxb6 Rd8 26. d5 Bc8 27. Qxe8+ Rxe8 28. Rfe1 h6 29. Rxe8+ Nxe8 30. Nxc8 1-0

[Event "Pan American-ch U18"]
[Site "San Jose"]
[Date "2017.07.03"]
[Round "4"]
[White "Vivas Zamora, Fabian Ernesto"]
[Black "Li, Yinshi"]
[Result "0-1"]
[WhiteElo "2128"]
[BlackElo "2144"]
[PlyCount "44"]
[EventDate "2017.07.01"]
[EventType "swiss"]
[EventRounds "9"]
[EventCountry "CRI"]
[SourceTitle "EXT 2022"]
[Source "ChessBase"]
[SourceDate "2021.10.06"]
[SourceVersion "1"]
[SourceVersionDate "2021.10.06"]
[SourceQuality "1"]

1. e4 e6 2. d4 d5 3. Nd2 Be7 4. Ngf3 Nf6 5. Bd3 c5 6. e5 Nfd7 7. c3 Nc6 8. 0-0 g5 9. dxc5 g4 10. Nd4 Ndxe5 11. Bb5 Bd7 12. N2b3 h5 13. Re1 Ng6 14. c4 dxc4 15. Bxc4 Nxd4 16. Nxd4 Bxc5 17. Be3 Bb6 18. Qc2 Qf6 19. Nxe6 fxe6 20. Rad1 Ne5 21. Bxb6 axb6 22. Qb3 0-0 0-1

[Event "Pan American-ch U18"]
[Site "San Jose"]
[Date "2017.07.02"]
[Round "3"]
[White "Li, Yinshi"]
[Black "Quinonez Garcia, Santiago"]
[Result "1/2-1/2"]
[WhiteElo "2144"]
[BlackElo "2323"]
[PlyCount "60"]
[EventDate "2017.07.01"]
[EventType "swiss"]
[EventRounds "9"]
[EventCountry "CRI"]
[SourceTitle "EXT 2022"]
[Source "ChessBase"]
[SourceDate "2021.10.06"]
[SourceVersion "1"]
[SourceVersionDate "2021.10.06"]
[SourceQuality "1"]

1. d4 Nf6 2. c4 g6 3. Nc3 Bg7 4. g3 0-0 5. Bg2 d6 6. Nf3 c6 7. 0-0 Qa5 8. Bd2 Qh5 9. Qb3 e5 10. dxe5 dxe5 11. Ng5 h6 12. Bf3 Bg4 13. Qxb7 hxg5 14. Qxa8 Bxf3 15. exf3 e4 16. Nxe4 Nxe4 17. fxe4 Nd7 18. Qxa7 Ne5 19. f3 Rd8 20. Bc3 Nxf3+ 21. Rxf3 Qxf3 22. Rf1 Rd1 23. Qf2 Rxf1+ 24. Qxf1 Qe3+ 25. Qf2 Qxe4 26. Bxg7 Kxg7 27. b3 Qb1+ 28. Kg2 Qe4+ 29. Kf1 Qb1+ 30. Kg2 Qe4+ 1/2-1/2

[Event "Windsor NAYCC U18"]
[Site "Windsor"]
[Date "2016.08.10"]
[Round "7.15"]
[White "Li, Yinshi"]
[Black "Nguyen, Trung"]
[Result "1/2-1/2"]
[WhiteElo "2138"]
[BlackElo "2153"]
[PlyCount "98"]
[EventDate "2016.08.07"]
[EventType "swiss"]
[EventRounds "9"]
[EventCountry "CAN"]
[SourceTitle "EXT 2022"]
[Source "ChessBase"]
[SourceDate "2021.10.06"]
[SourceVersion "1"]
[SourceVersionDate "2021.10.06"]
[SourceQuality "1"]

1. d4 g6 2. c4 Bg7 3. Nc3 d6 4. g3 Nf6 5. Bg2 0-0 6. Nf3 Nc6 7. 0-0 a6 8. Qd3 Nd7 9. b3 e5 10. e3 Rb8 11. a4 f5 12. Qd2 Nf6 13. Bb2 Nh5 14. dxe5 Nxe5 15. Rae1 Nxf3+ 16. Bxf3 Nf6 17. c5 Be6 18. Qc2 d5 19. Ne2 c6 20. b4 Ne4 21. Bxg7 Kxg7 22. Nd4 Bd7 23. Rb1 h5 24. b5 axb5 25. axb5 cxb5 26. Nxb5 Qa5 27. Bxe4 Bxb5 28. Qb2+ Kh6 29. Qxb5 Qxb5 30. Rxb5 dxe4 31. Rd1 Rbc8 32. Rd7 Rf6 33. Rbxb7 Kg5 34. Rbc7 Rc6 35. h4+ Kf6 36. Rxc8 Rxc8 37. Rd6+ Kg7 38. c6 Ra8 39. Rd7+ Kf6 40. c7 Ra1+ 41. Kg2 Rc1 42. Rd6+ Kf7 43. Rd7+ Ke6 44. Rh7 Kf6 45. Kh3 Rh1+ 46. Kg2 Rc1 47. Kh2 Ke6 48. Kh3 Rh1+ 49. Kg2 Rc1 1/2-1/2

[Event "Windsor NAYCC U18"]
[Site "Windsor"]
[Date "2016.08.08"]
[Round "2.11"]
[White "Li, Yinshi"]
[Black "Wu, Christopher"]
[Result "0-1"]
[WhiteElo "2138"]
[BlackElo "2338"]
[PlyCount "84"]
[EventDate "2016.08.07"]
[EventType "swiss"]
[EventRounds "9"]
[EventCountry "CAN"]
[SourceTitle "EXT 2022"]
[Source "ChessBase"]
[SourceDate "2021.10.06"]
[SourceVersion "1"]
[SourceVersionDate "2021.10.06"]
[SourceQuality "1"]

1. d4 Nf6 2. c4 e6 3. Nf3 d5 4. Nc3 c6 5. e3 Nbd7 6. Qc2 Bd6 7. Bd3 0-0 8. 0-0 dxc4 9. Bxc4 b5 10. Be2 Bb7 11. e4 e5 12. dxe5 Nxe5 13. Nxe5 Bxe5 14. Be3 Re8 15. Bf3 a6 16. Ne2 c5 17. Qxc5 Rc8 18. Qa7 Re7 19. Rfd1 Qe8 20. Qb6 Bc7 21. Qd4 Bxe4 22. Ng3 Rd7 23. Qb4 a5 24. Qe1 Bxf3 25. gxf3 Qe6 26. Rxd7 Nxd7 27. f4 Nf6 28. Qd2 Rd8 29. Qe2 Nd5 30. Rc1 Bxf4 31. Bxf4 Nxf4 32. Qxe6 Nxe6 33. Rc6 h5 34. Rb6 h4 35. Ne4 Nf4 36. Nd6 Nd5 37. Rc6 Nb4 38. Rb6 Nxa2 39. Nxb5 Rd2 40. Ra6 h3 41. Kf1 Nc1 42. Rxa5 Rd1# 0-1

[Event "Canadian op"]
[Site "Windsor"]
[Date "2016.07.17"]
[Round "9"]
[White "Shi, Diwen"]
[Black "Li, Yinshi"]
[Result "1/2-1/2"]
[WhiteElo "2132"]
[BlackElo "2076"]
[PlyCount "36"]
[EventDate "2016.07.10"]
[EventType "swiss"]
[EventRounds "9"]
[EventCountry "CAN"]
[SourceTitle "EXT 2017"]
[Source "ChessBase"]
[SourceDate "2016.10.25"]
[SourceVersion "1"]
[SourceVersionDate "2016.10.25"]
[SourceQuality "1"]

1. e4 e6 2. Nf3 d5 3. exd5 exd5 4. d4 Bd6 5. Bd3 Nc6 6. 0-0 Nge7 7. Re1 Bg4 8. c3 Qd7 9. h3 Bf5 10. Ne5 Nxe5 11. dxe5 Bc5 12. Be3 Bxe3 13. Rxe3 Bxd3 14. Qxd3 0-0-0 15. Nd2 d4 16. cxd4 Nf5 17. Ree1 Nxd4 18. Nb3 Nxb3 1/2-1/2

[Event "Canadian op"]
[Site "Windsor"]
[Date "2016.07.13"]
[Round "4"]
[White "Li, Yinshi"]
[Black "Plotkin, Victor"]
[Result "1/2-1/2"]
[WhiteElo "2076"]
[BlackElo "2309"]
[PlyCount "126"]
[EventDate "2016.07.10"]
[EventType "swiss"]
[EventRounds "9"]
[EventCountry "CAN"]
[SourceTitle "EXT 2017"]
[Source "ChessBase"]
[SourceDate "2016.10.25"]
[SourceVersion "1"]
[SourceVersionDate "2016.10.25"]
[SourceQuality "1"]

1. d4 d5 2. c4 e6 3. cxd5 exd5 4. Nc3 c6 5. Nf3 Bd6 6. Bg5 Ne7 7. e3 h6 8. Bh4 Qb6 9. Rb1 Nf5 10. Bd3 Be6 11. Qc2 Nxh4 12. Nxh4 Nd7 13. 0-0 Nf6 14. Nf5 Bxf5 15. Bxf5 0-0 16. b4 Qc7 17. h3 Qe7 18. b5 c5 19. dxc5 Bxc5 20. Rfd1 Rfd8 21. Ne2 g6 22. Bd3 Rac8 23. Qb3 Rc7 24. Rbc1 Rcd7 25. Nd4 Bb6 26. Rc2 Ne4 27. Rdc1 Qd6 28. Bf1 Re7 29. Rc8 Bxd4 30. Rxd8+ Qxd8 31. exd4 Qd6 32. Rc2 Kg7 33. g3 h5 34. h4 f5 35. Bg2 Nf6 36. Qc3 Ne4 37. Bxe4 fxe4 38. Qc5 Qxc5 39. Rxc5 Rd7 40. Rc8 Kf6 41. Ra8 b6 42. Rc8 Re7 43. Rc3 g5 44. hxg5+ Kxg5 45. Kf1 h4 46. gxh4+ Kxh4 47. Ke2 Kg4 48. Rc6 Rd7 49. Ke3 Kf5 50. Ke2 Kg5 51. Ke1 Rh7 52. Rd6 Rh1+ 53. Ke2 Ra1 54. Ke3 Re1+ 55. Kd2 Rb1 56. Rxd5+ Kf4 57. Rd7 Rb2+ 58. Ke1 Rxa2 59. Rf7+ Kg5 60. d5 Ra5 61. d6 Rxb5 62. Rxa7 Rd5 63. d7 Kf6 1/2-1/2

[Event "CAN-ch U18"]
[Site "Windsor"]
[Date "2016.07.07"]
[Round "5.4"]
[White "Li, Yinshi"]
[Black "Muntaner, Daniel"]
[Result "1-0"]
[WhiteElo "2216"]
[BlackElo "1597"]
[PlyCount "187"]
[EventDate "2016.07.05"]
[EventType "swiss"]
[EventRounds "7"]
[EventCountry "CAN"]
[SourceTitle "EXT 2022"]
[Source "ChessBase"]
[SourceDate "2021.10.06"]
[SourceVersion "1"]
[SourceVersionDate "2021.10.06"]
[SourceQuality "1"]

1. d4 d5 2. c4 e6 3. Nf3 Nf6 4. Nc3 Be7 5. Bf4 c6 6. e3 Nbd7 7. Rc1 Nb6 8. c5 Nbd7 9. b4 Nh5 10. Bg3 Nxg3 11. hxg3 Qc7 12. Bd3 e5 13. e4 dxe4 14. Bxe4 exd4 15. Nxd4 Nf6 16. 0-0 Nxe4 17. Nxe4 0-0 18. Qf3 f5 19. Nd2 f4 20. Ne4 Qe5 21. Rcd1 Kh8 22. Rfe1 fxg3 23. Nxg3 Qc7 24. Qe4 Bf6 25. Ndf5 Bxf5 26. Nxf5 Bc3 27. Re3 Bxb4 28. Rh3 Qf7 29. Nd6 Qxf2+ 30. Kh1 h6 31. Qxb4 Qe2 32. Qd4 Kh7 33. Qd3+ Qxd3 34. Rhxd3 b6 35. Rc3 Rf4 36. Rc4 Rf6 37. Ne4 Rf5 38. Rd7 bxc5 39. Rxc5 Rf4 40. Re7 a5 41. Rxc6 Raf8 42. Rcc7 Rg4 43. g3 Rg6 44. Ra7 Rf5 45. Rf7 Rxf7 46. Rxf7 Re6 47. Nc5 Re2 48. a4 Rc2 49. Nb7 Ra2 50. Rf4 g5 51. Rc4 h5 52. Nxa5 Ra1+ 53. Kg2 Ra2+ 54. Kh3 Ra3 55. Nb7 h4 56. Rg4 Kh6 57. Nd6 hxg3 58. Nf7+ Kg6 59. Nxg5 Kf5 60. Ne4 g2+ 61. Ng3+ Ke5 62. Kxg2 Kd5 63. Ne4 Kc6 64. Nf6 Kb6 65. Nd7+ Kc6 66. Rd4 Kb7 67. Kf2 Ka6 68. Nc5+ Kb6 69. Rc4 Rh3 70. Ke2 Rh5 71. Nb3 Rh3 72. Rb4+ Ka6 73. Kd2 Rg3 74. Kc2 Rh3 75. Rd4 Rh2+ 76. Kc3 Rh3+ 77. Kb4 Rh6 78. Nc5+ Ka7 79. a5 Rh1 80. Rd7+ Ka8 81. Kb5 Rh6 82. Rc7 Kb8 83. Rc6 Rh7 84. Kb6 Rh8 85. Nd7+ Ka8 86. Ne5 Rd8 87. Nc4 Kb8 88. Nd6 Rh8 89. a6 Rd8 90. Rc8+ Rxc8 91. Nxc8 Ka8 92. Ne7 Kb8 93. Nd5 Ka8 94. Nc7+ 1-0

[Event "CAN-ch U18"]
[Site "Windsor"]
[Date "2016.07.07"]
[Round "4.4"]
[White "Shi, Diwen"]
[Black "Li, Yinshi"]
[Result "1/2-1/2"]
[WhiteElo "2220"]
[BlackElo "2216"]
[PlyCount "34"]
[EventDate "2016.07.05"]
[EventType "swiss"]
[EventRounds "7"]
[EventCountry "CAN"]
[SourceTitle "EXT 2022"]
[Source "ChessBase"]
[SourceDate "2021.10.06"]
[SourceVersion "1"]
[SourceVersionDate "2021.10.06"]
[SourceQuality "1"]

1. e4 e6 2. d4 d5 3. e5 c5 4. c3 Nc6 5. Nf3 Qb6 6. a3 Nh6 7. b4 cxd4 8. Bxh6 gxh6 9. cxd4 Rg8 10. g3 Rg4 11. Bd3 Nxd4 12. 0-0 Bd7 13. Nc3 0-0-0 14. Rc1 Kb8 15. Nxd4 Qxd4 16. Qf3 Rg5 17. Qf6 Qb6 1/2-1/2

[Event "World ol U16"]
[Site "Ulaanbaatar"]
[Date "2015.08.22"]
[Round "4.3"]
[White "Chinguun, Otgonbayar"]
[Black "Li, Yinshi"]
[Result "0-1"]
[WhiteElo "1681"]
[BlackElo "2031"]
[PlyCount "90"]
[EventDate "2015.08.20"]
[EventType "team-swiss"]
[EventRounds "9"]
[EventCountry "MGL"]
[SourceTitle "EXT 2016"]
[Source "ChessBase"]
[SourceDate "2015.10.08"]
[SourceVersion "1"]
[SourceVersionDate "2015.10.08"]
[SourceQuality "1"]
[WhiteTeam "Mongolia V"]
[BlackTeam "Canada"]
[WhiteTeamCountry "MGL"]
[BlackTeamCountry "CAN"]

1. d4 d5 2. c4 c6 3. Nc3 Nf6 4. Nf3 e6 5. e3 Nbd7 6. Qc2 Bd6 7. Bd3 0-0 8. 0-0 dxc4 9. Bxc4 Qe7 10. Bd3 Rd8 11. h3 h6 12. e4 e5 13. dxe5 Nxe5 14. Nxe5 Qxe5 15. f4 Qd4+ 16. Kh1 Bxf4 17. Bxf4 Qxd3 18. Qb3 Qa6 19. Bxh6 Be6 20. Qc2 Nh5 21. Bf4 Nxf4 22. Rxf4 Qd3 23. Qf2 Qd2 24. Rf1 Qxf2 25. R4xf2 Rd4 26. a3 Rad8 27. Kg1 Rc4 28. Rc1 a5 29. g4 b5 30. Kg2 b4 31. axb4 axb4 32. Ne2 Rxe4 33. Ng3 Red4 34. Nf5 Bd5+ 35. Kh2 Re4 36. Rd2 Rde8 37. Ng3 Re3 38. Rd4 Rb3 39. Rd2 Ree3 40. Rg1 Rbd3 41. Rgd1 Rb3 42. Rg1 g6 43. g5 Kh7 44. h4 Rf3 45. Rc2 Rf4 0-1

[Event "World ol U16"]
[Site "Ulaanbaatar"]
[Date "2015.08.21"]
[Round "2.3"]
[White "Zarubitski, Viachaslau"]
[Black "Li, Yinshi"]
[Result "1-0"]
[WhiteElo "2268"]
[BlackElo "2031"]
[PlyCount "107"]
[EventDate "2015.08.20"]
[EventType "team-swiss"]
[EventRounds "9"]
[EventCountry "MGL"]
[SourceTitle "EXT 2016"]
[Source "ChessBase"]
[SourceDate "2015.10.08"]
[SourceVersion "1"]
[SourceVersionDate "2015.10.08"]
[SourceQuality "1"]
[WhiteTeam "Belarus"]
[BlackTeam "Canada"]
[WhiteTeamCountry "BLR"]
[BlackTeamCountry "CAN"]

1. Nf3 d5 2. b3 Bf5 3. Bb2 e6 4. g3 Nf6 5. Bg2 Be7 6. 0-0 0-0 7. d3 c5 8. Nbd2 Nc6 9. Re1 Qc7 10. h3 Rfd8 11. Nh4 d4 12. e4 dxe3 13. Rxe3 Bg6 14. Nxg6 hxg6 15. Re1 Nd5 16. Nc4 Bf6 17. Bxf6 Nxf6 18. Qd2 Nd5 19. Ne3 Nxe3 20. Rxe3 Rd7 21. h4 Rad8 22. Bxc6 Qxc6 23. Qe2 Qd5 24. Re4 Qh5 25. Qe1 Qd5 26. Qe3 Qc6 27. Re1 Rd4 28. Qg5 R8d5 29. Qc1 Rxe4 30. Rxe4 Rd4 31. Re5 Qd6 32. Qe1 Rd5 33. Rxd5 Qxd5 34. Qa5 a6 35. Qc7 Qc6 36. Qxc6 bxc6 37. Kg2 e5 38. Kf3 f6 39. Ke4 Kf7 40. f4 Ke6 41. fxe5 fxe5 42. c3 a5 43. g4 Kf6 44. d4 cxd4 45. cxd4 exd4 46. Kxd4 g5 47. h5 Ke6 48. a4 Kd6 49. Kc4 Ke5 50. b4 axb4 51. a5 Kd6 52. Kxb4 Kc7 53. Kc5 Kb7 54. a6+ 1-0

[Event "North American-ch U20"]
[Site "Kitchener"]
[Date "2015.07.30"]
[Round "9"]
[White "Li, Yinshi"]
[Black "Liang, Hairan"]
[Result "1-0"]
[WhiteElo "2011"]
[BlackElo "1814"]
[PlyCount "59"]
[EventDate "2015.07.26"]
[EventType "swiss"]
[EventRounds "9"]
[EventCountry "CAN"]
[SourceTitle "EXT 2019"]
[Source "ChessBase"]
[SourceDate "2018.10.10"]
[SourceVersion "1"]
[SourceVersionDate "2018.10.10"]
[SourceQuality "1"]

1. d4 Nf6 2. c4 e6 3. Nf3 Bb4+ 4. Bd2 c5 5. g3 b6 6. Bg2 Bb7 7. 0-0 Bxd2 8. Qxd2 0-0 9. Nc3 cxd4 10. Qxd4 Nc6 11. Qd6 Qe7 12. Rfd1 Qxd6 13. Rxd6 Ne7 14. Ne5 Bxg2 15. Kxg2 Nf5 16. Rd3 d6 17. Nf3 Rac8 18. b3 Rfd8 19. Rad1 Ne8 20. e4 Ne7 21. Nb5 Kf8 22. Nxd6 Nxd6 23. Rxd6 Rxd6 24. Rxd6 Ke8 25. Nd4 Rc5 26. f4 e5 27. Nb5 exf4 28. gxf4 Ng6 29. Kg3 f6 30. Rd5 1-0

[Event "North American-ch U20"]
[Site "Kitchener"]
[Date "2015.07.29"]
[Round "6"]
[White "Li, Ben"]
[Black "Li, Yinshi"]
[Result "1/2-1/2"]
[WhiteElo "2202"]
[BlackElo "2011"]
[PlyCount "94"]
[EventDate "2015.07.26"]
[EventType "swiss"]
[EventRounds "9"]
[EventCountry "CAN"]
[SourceTitle "EXT 2019"]
[Source "ChessBase"]
[SourceDate "2018.10.10"]
[SourceVersion "1"]
[SourceVersionDate "2018.10.10"]
[SourceQuality "1"]

1. d4 Nf6 2. c4 e6 3. Nf3 d5 4. Nc3 c6 5. e3 Nbd7 6. Bd3 Bd6 7. e4 dxe4 8. Nxe4 Nxe4 9. Bxe4 0-0 10. 0-0 Qc7 11. Qc2 h6 12. Bd2 e5 13. Bc3 exd4 14. Bxd4 Ne5 15. h3 Be6 16. b3 Nxf3+ 17. Bxf3 Bh2+ 18. Kh1 Be5 19. Rad1 Bxd4 20. Rxd4 Rad8 21. Rfd1 Rxd4 22. Rxd4 Rd8 23. Rxd8+ Qxd8 24. Qc3 Bf5 25. Qe3 a6 26. Kh2 Qd6+ 27. g3 Qd7 28. h4 Kh7 29. a3 Qe6 30. Qxe6 Bxe6 31. Be4+ Kg8 32. Bd3 c5 33. Kg2 Kf8 34. Kf3 Ke7 35. Kf4 Kf6 36. Be4 b6 37. Bc6 Bf5 38. Be4 Bxe4 39. Kxe4 Ke6 40. h5 g6 41. g4 gxh5 42. gxh5 a5 43. f4 f5+ 44. Kd3 Kd6 45. Kc3 Kc6 46. b4 a4 47. Kd3 Kd6 1/2-1/2

[Event "CAN-ch"]
[Site "Guelph"]
[Date "2015.07.13"]
[Round "6"]
[White "Chen, Richard"]
[Black "Li, Yinshi"]
[Result "1-0"]
[WhiteElo "2082"]
[BlackElo "2011"]
[PlyCount "81"]
[EventDate "2015.07.10"]
[EventType "swiss"]
[EventRounds "9"]
[EventCountry "CAN"]
[SourceTitle "CBM 167 Extra"]
[Source "ChessBase"]
[SourceDate "2015.09.14"]
[SourceVersion "1"]
[SourceVersionDate "2015.09.14"]
[SourceQuality "1"]

1. e4 e6 2. Nf3 d5 3. Nc3 Nf6 4. e5 Nfd7 5. d4 c5 6. dxc5 Bxc5 7. Bd3 Nc6 8. Bf4 f6 9. exf6 Qxf6 10. Bg3 0-0 11. Qe2 Nd4 12. Nxd4 Bxd4 13. 0-0 Nc5 14. Nb5 Nxd3 15. cxd3 Bd7 16. Nxd4 Qxd4 17. Be5 Qh4 18. f4 Rac8 19. Rf3 Qe7 20. Rg3 Rf7 21. Bd4 Ba4 22. b3 Be8 23. Re1 Rc6 24. f5 Rxf5 25. Rxg7+ Qxg7 26. Bxg7 Kxg7 27. g4 Rf8 28. Qe5+ Kg8 29. Qg5+ Bg6 30. h4 Rf3 31. h5 Rc2 32. Qe5 Bf7 33. h6 Kf8 34. Qb8+ Ke7 35. Qxb7+ Kf6 36. Rf1 Rxf1+ 37. Kxf1 Rxa2 38. g5+ Kg6 39. Qe7 Kf5 40. Qxf7+ Kg4 41. g6 1-0

[Event "CAN-ch"]
[Site "Guelph"]
[Date "2015.07.12"]
[Round "5"]
[White "Hamilton, Robert"]
[Black "Li, Yinshi"]
[Result "1/2-1/2"]
[WhiteElo "2187"]
[BlackElo "2011"]
[PlyCount "81"]
[EventDate "2015.07.10"]
[EventType "swiss"]
[EventRounds "9"]
[EventCountry "CAN"]
[SourceTitle "CBM 167 Extra"]
[Source "ChessBase"]
[SourceDate "2015.09.14"]
[SourceVersion "1"]
[SourceVersionDate "2015.09.14"]
[SourceQuality "1"]

1. d4 d5 2. c4 c6 3. Nf3 Nf6 4. Qb3 e6 5. Nc3 Bd6 6. Bg5 Nbd7 7. e3 0-0 8. Rc1 a6 9. a4 Qa5 10. Bxf6 Nxf6 11. Bd3 Bd7 12. c5 Be7 13. Qa3 b5 14. b4 Qc7 15. 0-0 Rfb8 16. Ra1 Qb7 17. a5 Be8 18. Rfe1 Qc7 19. Rad1 Nh5 20. Qa2 f5 21. Bb1 Nf6 22. Ne5 Nd7 23. f4 Kh8 24. Qe2 Nf6 25. h3 Ne4 26. Bxe4 fxe4 27. Qg4 Qc8 28. Ne2 Bf6 29. Ng3 Ra7 30. Rf1 Bxe5 31. fxe5 Rf7 32. Ne2 Rxf1+ 33. Rxf1 Bg6 34. Nf4 Bf5 35. Qh4 Qe8 36. g4 Bg6 37. Qf2 Kg8 38. h4 Qe7 39. Qg3 Rf8 40. Kg2 Be8 41. Rf2 1/2-1/2

[Event "CAN-ch"]
[Site "Guelph"]
[Date "2015.07.11"]
[Round "3"]
[White "Song, Guannan Terry"]
[Black "Li, Yinshi"]
[Result "1/2-1/2"]
[WhiteElo "1988"]
[BlackElo "2011"]
[PlyCount "27"]
[EventDate "2015.07.10"]
[EventType "swiss"]
[EventRounds "9"]
[EventCountry "CAN"]
[SourceTitle "CBM 167 Extra"]
[Source "ChessBase"]
[SourceDate "2015.09.14"]
[SourceVersion "1"]
[SourceVersionDate "2015.09.14"]
[SourceQuality "1"]

1. d4 Nf6 2. Bg5 d5 3. Bxf6 exf6 4. e3 Be6 5. Bd3 c5 6. c3 Nc6 7. Ne2 Bd6 8. Nd2 0-0 9. 0-0 Rc8 10. Ng3 Qd7 11. Qh5 g6 12. Qh6 f5 13. Nh5 gxh5 14. Qg5+ 1/2-1/2

[Event "CAN-ch U16"]
[Site "Windsor"]
[Date "2015.07.08"]
[Round "5.8"]
[White "Baskaran, Karthik"]
[Black "Li, Yinshi"]
[Result "0-1"]
[WhiteElo "1669"]
[BlackElo "2211"]
[PlyCount "84"]
[EventDate "2015.07.06"]
[EventType "swiss"]
[EventRounds "7"]
[EventCountry "CAN"]
[SourceTitle "EXT 2022"]
[Source "ChessBase"]
[SourceDate "2021.10.06"]
[SourceVersion "1"]
[SourceVersionDate "2021.10.06"]
[SourceQuality "1"]

1. e4 d5 2. exd5 Qxd5 3. Nc3 Qa5 4. Nf3 Nf6 5. h3 Bf5 6. Be2 Nc6 7. 0-0 0-0-0 8. Nh4 Bd7 9. d3 e5 10. Be3 Bc5 11. a3 Bxe3 12. fxe3 e4 13. Nxe4 Nxe4 14. dxe4 Qg5 15. Nf3 Qxe3+ 16. Kh1 Bxh3 17. Qe1 Bg4 18. Bd3 Qh6+ 19. Kg1 Bxf3 20. Rxf3 Ne5 21. Qg3 Nxf3+ 22. Qxf3 Qb6+ 23. Kh2 Rd6 24. g3 Qxb2 25. Rd1 Rhd8 26. Qe2 Kb8 27. Kg1 Qe5 28. Qf3 Rf6 29. Qe3 Qd4 30. Qxd4 Rxd4 31. Re1 Rf3 32. Kg2 Rfxd3 33. cxd3 Rxd3 34. Rf1 Rd7 35. e5 a5 36. Re1 b5 37. e6 fxe6 38. Rxe6 Kb7 39. Re5 Kb6 40. Re6+ c6 41. Re8 b4 42. axb4 axb4 0-1

[Event "CAN-ch U16"]
[Site "Windsor"]
[Date "2015.07.07"]
[Round "2.5"]
[White "Preotu, Razvan"]
[Black "Li, Yinshi"]
[Result "1-0"]
[WhiteElo "2636"]
[BlackElo "2211"]
[PlyCount "77"]
[EventDate "2015.07.06"]
[EventType "swiss"]
[EventRounds "7"]
[EventCountry "CAN"]
[SourceTitle "EXT 2022"]
[Source "ChessBase"]
[SourceDate "2021.10.06"]
[SourceVersion "1"]
[SourceVersionDate "2021.10.06"]
[SourceQuality "1"]

1. e4 d5 2. exd5 Qxd5 3. Nf3 Nf6 4. d4 Bg4 5. Be2 c6 6. h3 Bh5 7. c4 Qd8 8. Nc3 e6 9. g4 Bg6 10. Ne5 Bd6 11. h4 c5 12. Bf4 0-0 13. h5 Be4 14. f3 Bc6 15. g5 Bxe5 16. dxe5 Qxd1+ 17. Rxd1 Nfd7 18. Rd6 Na6 19. Kf2 Rfd8 20. Rhd1 Nc7 21. g6 h6 22. Bg3 Ne8 23. gxf7+ Kxf7 24. R6d2 Kg8 25. Bh4 Rdc8 26. Rxd7 Bxd7 27. Rxd7 Rc7 28. Rd1 Rc6 29. f4 Rac8 30. Bf3 Rb6 31. b3 a5 32. Nb5 Rb8 33. a4 Kf8 34. Rd7 Ra6 35. Bxb7 Rb6 36. Be4 Rc8 37. f5 exf5 38. Bd5 Rbb8 39. Be7# 1-0

[Event "CAN-ch U16"]
[Site "Windsor"]
[Date "2015.07.06"]
[Round "1.15"]
[White "Li, Yinshi"]
[Black "Richard, Lewis"]
[Result "1-0"]
[WhiteElo "2211"]
[BlackElo "1395"]
[PlyCount "67"]
[EventDate "2015.07.06"]
[EventType "swiss"]
[EventRounds "7"]
[EventCountry "CAN"]
[SourceTitle "EXT 2022"]
[Source "ChessBase"]
[SourceDate "2021.10.06"]
[SourceVersion "1"]
[SourceVersionDate "2021.10.06"]
[SourceQuality "1"]

1. d4 Nf6 2. c4 c5 3. Nf3 d6 4. Nc3 Bg4 5. dxc5 Bxf3 6. exf3 Nc6 7. cxd6 Qxd6 8. Qxd6 exd6 9. Bf4 Be7 10. Bd3 0-0 11. 0-0 Nb4 12. Rad1 Rad8 13. a3 Nc6 14. Rfe1 Rd7 15. Nb5 Rfd8 16. Bf5 Nh5 17. Bxd7 Nxf4 18. Bxc6 bxc6 19. Rxe7 cxb5 20. Rxd6 Rf8 21. c5 Ng6 22. Red7 Re8 23. Rd8 Rxd8 24. Rxd8+ Nf8 25. c6 f6 26. c7 Kf7 27. c8Q Ne6 28. Qd7+ Kg6 29. Qxe6 Kh5 30. Qg4+ Kh6 31. Rd5 g6 32. Rd7 g5 33. Qh3+ Kg6 34. Qxh7# 1-0

[Event "Ontario op"]
[Site "Brantford"]
[Date "2015.05.16"]
[Round "1.1"]
[White "Li, Yinshi"]
[Black "Sambuev, Bator"]
[Result "1/2-1/2"]
[WhiteElo "2201"]
[BlackElo "2659"]
[PlyCount "128"]
[EventDate "2015.05.16"]
[EventType "swiss"]
[EventRounds "6"]
[EventCountry "CAN"]
[SourceTitle "EXT 2019"]
[Source "ChessBase"]
[SourceDate "2018.10.10"]
[SourceVersion "1"]
[SourceVersionDate "2018.10.10"]
[SourceQuality "1"]

1. d4 Nf6 2. c4 e6 3. Nf3 b6 4. g3 Ba6 5. b3 b5 6. Qc2 bxc4 7. bxc4 c5 8. Bg2 Nc6 9. Bb2 Rc8 10. Nbd2 cxd4 11. Nxd4 Na5 12. 0-0 Nxc4 13. Nxc4 Rxc4 14. Qb3 Qb6 15. Qxb6 axb6 16. Rfc1 d5 17. e3 Kd7 18. a4 Rxc1+ 19. Rxc1 Bd6 20. Nb5 Rc8 21. Rxc8 Bxc8 22. Nxd6 Kxd6 23. Ba3+ Kc7 24. Bf3 g6 25. Bb2 Nd7 26. Bc3 Nc5 27. a5 b5 28. Bh1 Kc6 29. f3 Na6 30. Kf2 Kc5 31. Ke1 Nb8 32. Kd2 Nc6 33. f4 b4 34. Bg7 Nxa5 35. Bf8+ Kb6 36. Bxb4 Nc6 37. Bc3 Ba6 38. Bg2 f5 39. Bf3 Kc5 40. Bd1 Bb5 41. g4 Kd6 42. gxf5 exf5 43. h4 h5 44. Bb3 Nd8 45. Be5+ Kc5 46. Kc3 Nf7 47. Bg7 Kd6 48. Kd4 Bc4 49. Bxc4 dxc4 50. Kxc4 Ke6 51. Bf8 g5 52. fxg5 Ne5+ 53. Kd4 Nf3+ 54. Kd3 Nxh4 55. Ke2 Ng6 56. Bc5 Kf7 57. Bd6 Ke6 58. Bb8 Nf8 59. Kf3 Nd7 60. Bc7 Nc5 61. Kf4 h4 62. g6 Nd3+ 63. Kg5 h3 64. g7 Kf7 1/2-1/2

[Event "North American-ch U20"]
[Site "Kitchener"]
[Date "2014.08.02"]
[Round "6.16"]
[White "Zotkin, Daniel"]
[Black "Li, Yinshi"]
[Result "1/2-1/2"]
[WhiteElo "1895"]
[BlackElo "2100"]
[PlyCount "77"]
[EventDate "2014.07.31"]
[EventType "swiss"]
[EventRounds "9"]
[EventCountry "CAN"]
[SourceTitle "EXT 2022"]
[Source "ChessBase"]
[SourceDate "2021.10.06"]
[SourceVersion "1"]
[SourceVersionDate "2021.10.06"]
[SourceQuality "1"]

1. e4 d5 2. exd5 Qxd5 3. Nc3 Qa5 4. d4 Nf6 5. Nf3 Nc6 6. Bb5 Bd7 7. 0-0 a6 8. Bxc6 Bxc6 9. Ne5 e6 10. Nxc6 bxc6 11. Qf3 Nd5 12. Ne4 Be7 13. c4 Nb4 14. Bd2 Qb6 15. c5 Qb5 16. Qg3 0-0-0 17. Qxg7 Nc2 18. Qxf7 Nxa1 19. Rxa1 Rxd4 20. Qxe6+ Rd7 21. Bc3 Rhd8 22. Nf6 Bxc5 23. Nxd7 Rxd7 24. a4 Qd3 25. Qxc6 Rd6 26. Qa8+ Kd7 27. Re1 Qg6 28. Qe4 Qf7 29. Qg4+ Kc6 30. Qf3+ Qxf3 31. gxf3 Rg6+ 32. Kf1 Rh6 33. Be5 Rh5 34. Bg3 Rd5 35. Rc1 a5 36. Bf4 Kb7 37. Ke2 Rf5 38. Be3 Bd6 39. h4 1/2-1/2